| 000 | 00745nam a2200193 i 4500 | ||
|---|---|---|---|
| 001 | 46725 | ||
| 003 | ES-MaACL | ||
| 005 | 20230906161433.0 | ||
| 007 | t| | ||
| 008 | 030331s1971 sp ||||1| spa d | ||
| 111 | 2 |
_aCongreso Internacional de la Sociedad Farmacéutica del Mediterráneo Latino ( _d1968. _cGranada) _9443 |
|
| 245 | 1 | 0 |
_aTrabajos de la VIII Reunión Internacional _b: Congreso Internacional de la Sociedad farmaceutica del Mediterráneo Latino. |
| 260 |
_aGranada : _b[s.n., _c1971] ( _fGráf. del Sur) |
||
| 300 |
_a752 p., 5 lám., 1 map. : _bil. ; _c21 cm. |
||
| 490 | 1 |
_aPharmacia mediterránea ; _v7 |
|
| 830 | 0 |
_aPharmacia mediterránea ; _v7 _9229991 |
|
| 852 |
_aES-MaACL _jC-42640 _bR.79868 |
||
| 999 |
_c46725 _d46725 |
||